000 01119nam a22003257a 4500
003 CHAP
005 20220329135919.0
008 971013s1984 r 00010 d
010 _a44036
011 _a45008
035 _a49147
040 _cCHAP
090 _aTesis
100 0 0 _aTamés Cavazos, Julieta Guadalupe.
_9111568
245 _aEstudios preliminares sobre la propagación de la barreta, Helietta parvifolia Gray (Benyh)
260 _aMonterrey, N.L. :
_bEl autor,
_c1984
300 _a47 h.
502 _aTesis (Ing. Agr. Esp. en Producción Agropecuaria) -- ITESM. Div. de Ciencias Agropecuarias y Marítimas
590 _aALEPH
_b10
_c20130110
_lUCH01
_h1313
590 _aBATCH-UPD
_b10
_c20130110
_lUCH01
_h1554
590 _aBATCH-UPD
_b10
_c20130410
_lUCH01
_h0952
590 _aBATCH-UPD
_b10
_c20130914
_lUCH01
_h1605
590 _aCONVERSION
_b10
_c20130109
_lUCH01
_h1324
650 1 4 _aHelietta parvifolia.
_953431
650 1 4 _aPlantas insecticidas.
_989010
650 1 4 _aPropagación de plantas.
_992417
901 _aBK
942 _cTESIS
949 _bBC
_cTES
_d-110946
_eTS1
_h17806
_i49147
_si
999 _c44036
_d44036